Statistics for Q Answers Quiz

Click here to take the quiz!

General Stats

  • This quiz has been taken 49,993 times
    (42,597 since last reset)
  • The average score is 16 of 24

Answer Stats

ClueAnswer% Correct
Country of the Middle EastQatar
96%
Province of CanadaQuebec
92%
American football positionQuarterback
91%
Harry Potter's sportQuidditch
86%
First name of director TarantinoQuentin
84%
State of AustraliaQueensland
82%
Bird feather used as a penQuill
80%
Australia's largest airlineQantas
75%
The hunchback of Notre DameQuasimodo
74%
Spanish word for cheeseQueso
70%
British word for "line"Queue
68%
Capital of EcuadorQuito
68%
Amount of solace possessed by James BondQuantum
66%
Case for holding arrowsQuiver
65%
Unqualified doctorQuack
60%
Last name of actors Dennis and RandyQuaid
56%
Silicon dioxide mineralQuartz
56%
China's last imperial dynastyQing
55%
What protons and neutrons are made ofQuarks
53%
"Family Guy" hometown / a type of clamQuahog
48%
Religious movement also known as FriendsQuaker
48%
Anti-malarial drugQuinine
46%
George H. W. Bush's vice presidentQuayle
37%
Mayor from "The Simpsons"Quimby
37%

Score Distribution

Percentile by Number Answered

Percent of People with Each Score

Your Score History

You have not taken this quiz since the last reset